Помпеи. Геркуланум. Стабии / (ბიბ.ჩანაწერი № 60732)
[ მარტივი ფორმატი ]
| 000 -LEADER | |
|---|---|
| fixed length control field | 00666nam a22001697a 4500 |
| 005 - DATE AND TIME OF LATEST TRANSACTION | |
| control field | 20231016151052.0 |
| 008 - FIXED-LENGTH DATA ELEMENTS--GENERAL INFORMATION | |
| fixed length control field | 231016s1985 ru ||||| |||| 00| 0 rus d |
| 041 ## - LANGUAGE CODE | |
| Language code of text/sound track or separate title | rus |
| 080 ## - UNIVERSAL DECIMAL CLASSIFICATION NUMBER | |
| Universal Decimal Classification number | 72(082.1) K-82 |
| 100 ## - MAIN ENTRY--PERSONAL NAME | |
| Personal name | Кривченко В.И. |
| 9 (RLIN) | 20086 |
| 245 ## - TITLE STATEMENT | |
| Title | Помпеи. Геркуланум. Стабии / |
| Statement of responsibility, etc. | В.И. Кривченко. Ред. Е.С. Штейнер. |
| 264 ## - PRODUCTION, PUBLICATION, DISTRIBUTION, MANUFACTURE, AND COPYRIGHT NOTICE | |
| Place of production, publication, distribution, manufacture | Москва: |
| Name of producer, publisher, distributor, manufacturer | Искусство, |
| Date of production, publication, distribution, manufacture, or copyright notice | 1985. |
| 300 ## - PHYSICAL DESCRIPTION | |
| Extent | 224 стр.: |
| Other physical details | илл.; |
| Dimensions | 17 см. |
| 653 ## - INDEX TERM--UNCONTROLLED | |
| keyword | პომპეი. ჰერკულანეუმი. სტაბიაე |
| 700 ## - ADDED ENTRY--PERSONAL NAME | |
| Personal name | Штейнер, Е.С. |
| Relator term | რედაქტორი |
| 9 (RLIN) | 20087 |
| 942 ## - ADDED ENTRY ELEMENTS (KOHA) | |
| Source of classification or shelving scheme | |
| Koha item type | წიგნი |
არაა ხელმისაწვდომი ეგზემპლარები.
